000 02176ngm a22004930a 4500
001 PT46532
003 AR-LpoUNG
005 20210201235957.0
007 vd cvaizq
008 191001s2011||||ag |||||||||||||||||spa d
037 _c$6,50
040 _aAR-LpoUNG
_bspa
_cAR-LpoUNG
_eaacr
041 _aspa
044 _aag
082 0 _a982.062 479eva
100 1 _aSeoane, María
_edir.
245 1 0 _aEva de la Argentina
260 _aBuenos Aires :
_bECE,
_c2011.
300 _aDVD (63 min.) : son., col.
505 0 _aGuión: María Seoane, Graciela Maglie y Carlos Castro. Fecha de estreno: 20/10/2011. Subtítulos en inglés y español para hipoacúsicos. Canción original "Eva" de León Gieco. Con el apoyo del INCAA.
520 _aEva de la Argentina es una película de ficción animada, con pinceladas de material documental. Eva, una niña nacida en un pequeño pueblo del interior de Buenos Aires, bastarda y despreciada, llegará a ser esa mujer que conquistó, sin condiciones, el amor de su gente, provocando en una sociedad machista, el odio de los poderosos. Su muerte prematura, el secuestro del cadáver embalsamado y su misterioso peregrinar por el mundo en concordancia con un pueblo a la deriva que siempre invoca su regreso, construirán el mito Eva Perón. Rodolfo Walsh, escritor y periodista, será quien vaya tras los pasos de esa mujer, alumbrando una búsqueda cargada de enigmas y confabulaciones, y logrará develar la verdadera historia de Eva de la Argentina.
650 4 _aANALISIS DE GENERO
650 4 _aARGENTINA
650 4 _aBIOGRAFIAS
650 4 _aHISTORIA POLITICA
650 4 _aHISTORIA SOCIAL
650 4 _aIDEOLOGIAS POLITICAS
650 4 _aJEFES DE ESTADO
650 4 _aLIDERAZGO POLITICO
650 4 _aROL DE LA MUJER
650 4 _aSTATUS DE LA MUJER
651 4 _aArgentina
653 _aANIMACION
653 _aCINE ARGENTINO
653 _aDOCUMENTALES
653 _aDUARTE DE PERON, MARIA EVA
653 _aDVD
653 _aPERONISMO
653 _aVIDEOS
700 1 _aSantaolalla, Gustavo
_emús.
700 1 _aSolano López, Francisco
_eil.
905 _a46532
942 _cDVD
999 _c53903
_d53903